Applied thermodynamics for engineering technologists (Record no. 10734)

000 -LEADER
fixed length control field 00547nam a2200205u 4500
001 - CONTROL NUMBER
control field 10734
003 - CONTROL NUMBER IDENTIFIER
control field BD-DhUET
008 - FIXED-LENGTH DATA ELEMENTS--GENERAL INFORMATION
fixed length control field 810312q1963 enk 000 0 eng
040 ## - CATALOGING SOURCE
Original cataloging agency DLC
Transcribing agency DLC
Modifying agency BD-DhUET
082 ## - DEWEY DECIMAL CLASSIFICATION NUMBER
Classification number 621.01
Item number EAS/1963
100 ## - MAIN ENTRY--PERSONAL NAME
Personal name Eastop, T. D.
245 10 - TITLE STATEMENT
Title Applied thermodynamics for engineering technologists
250 ## - EDITION STATEMENT
Edition statement 1st ed.
260 ## - PUBLICATION, DISTRIBUTION, ETC. (IMPRINT)
Place of publication, distribution, etc. London
Name of publisher, distributor, etc. Longmans
Date of publication, distribution, etc. 1963
300 ## - PHYSICAL DESCRIPTION
Extent xi, 788p.
Other physical details ill.
504 ## - BIBLIOGRAPHY, ETC. NOTE
Bibliography, etc Includes bibliographies
650 #0 - SUBJECT ADDED ENTRY--TOPICAL TERM
Topical term or geographic name as entry element Thermodynamics, Engineering
700 ## - ADDED ENTRY--PERSONAL NAME
Personal name McConkey, A.
942 ## - ADDED ENTRY ELEMENTS (KOHA)
Koha item type General Book
Holdings
Koha issues (times borrowed) Shelving location Withdrawn status Koha normalized classification for sorting Koha date last borrowed Koha full call number Piece designation (barcode) Copy number Damaged status Sublocation or collection (holding branch) Lost status Date acquired Koha item type Not for loan Koha date last seen Source of classification or shelving scheme Location (home branch) Price effective from
 Circulation section 621_010000000000000_EAS_1963 621.01/EAS/1963238141 Central Library, BUET 2015-02-09General Book 2015-02-09 Central Library, BUET2015-02-09
1Circulation section 621_010000000000000_EAS_19632024-09-17621.01/EAS/196337422 Central Library, BUET 2015-04-16General Book 2024-10-19 Central Library, BUET2015-04-16
 Circulation section 621_010000000000000_EAS_1963 621.01/EAS/1963182583 Central Library, BUET 2015-04-27General Book 2015-04-27 Central Library, BUET2015-04-27
 Reading section 621_010000000000000_EAS_1963 621.01/EAS/1963182564 Central Library, BUET 2015-06-16Reading Item 2015-06-16 Central Library, BUET2015-06-16